[Event "UKR-ch sf"]
[Site "Alushta"]
[Date "2006.05.14"]
[Round "2"]
[White "Luzhinsky, Vitaly"]
[Black "Kucherenko, Olena"]
[Result "1-0"]
[WhiteElo "2231"]
[BlackElo "2064"]
[PlyCount "87"]
[EventDate "2006.05.13"]
[EventType "swiss"]
[EventRounds "9"]
[EventCountry "UKR"]
[SourceTitle "CBM 112 Extra"]
[Source "ChessBase"]
[SourceDate "2006.07.14"]
[SourceVersion "1"]
[SourceVersionDate "2006.07.14"]
[SourceQuality "1"]

1. d4 Nf6 2. c4 Nc6 3. Nf3 e6 4. a3 d5 5. Nc3 dxc4 6. e4 Na5 7. Bxc4 Nxc4 8. Qa4+ Bd7 9. Qxc4 c6 10. e5 Nd5 11. Ne4 Qc7 12. 0-0 h6 13. Bd2 Be7 14. Rac1 0-0 15. Rfe1 a5 16. Qd3 Rfc8 17. Rc2 b6 18. Rec1 Qb8 19. Ng3 c5 20. Nh5 Qb7 21. dxc5 Rxc5 22. Qe4 Bf8 23. Qg4 Kh8 24. Qh3 Rac8 25. Rxc5 Rxc5 26. Rxc5 bxc5 27. g4 Qxb2 28. Qh4 Be7 29. Qg3 c4 30. g5 hxg5 31. Bxg5 Qb1+ 32. Kg2 Bxg5 33. Nxg5 Qg6 34. Qh4 Kg8 35. Ng3 c3 36. Nf3 Bb5 37. Qd8+ Kh7 38. Ng5+ Kh6 39. h4 Ne3+ 40. fxe3 Qc2+ 41. Kh3 Bf1+ 42. Nxf1 Kg6 43. Ng3 f6 44. Qe8+ 1-0

[Event "UKR-ch sf U20"]
[Site "Ternopol"]
[Date "2003.12.14"]
[Round "3"]
[White "Luzhinsky, Vitaly"]
[Black "Kochan, Orest"]
[Result "1-0"]
[WhiteElo "2259"]
[BlackElo "2157"]
[PlyCount "81"]
[EventDate "2003.12.11"]
[EventType "swiss"]
[EventRounds "9"]
[EventCountry "UKR"]
[SourceTitle "EXT 2008"]
[Source "ChessBase"]
[SourceDate "2007.11.25"]
[SourceVersion "1"]
[SourceVersionDate "2007.11.25"]
[SourceQuality "1"]

1. e4 c5 2. Nf3 d6 3. d4 cxd4 4. Nxd4 Nf6 5. Nc3 a6 6. Be2 e5 7. Nb3 Be7 8. Be3 Be6 9. 0-0 0-0 10. Qd2 Nbd7 11. f3 Qc7 12. a4 Rfd8 13. Rfd1 Nb6 14. a5 Nc4 15. Bxc4 Qxc4 16. Na4 Qb5 17. Nb6 Rab8 18. Qd3 Qxd3 19. Rxd3 d5 20. Bc5 dxe4 21. Rxd8+ Bxd8 22. Bd6 Bxb6+ 23. axb6 Rd8 24. Bc7 Rd5 25. c4 Rd3 26. Nc5 Bxc4 27. Nxd3 exd3 28. Kf2 e4 29. Ke3 exf3 30. gxf3 Kf8 31. Kd4 Bb5 32. Re1 Ne8 33. Kc3 f5 34. Bd8 Nf6 35. Bxf6 gxf6 36. Kd2 Kf7 37. Rc1 Ke6 38. Rc7 Kd6 39. Rxb7 Kc6 40. Rxh7 Kxb6 41. Rf7 1-0

[Event "UKR Summer Youth Games"]
[Site "Evpatoria"]
[Date "2002.05.19"]
[Round "7"]
[White "Karjakin, Sergey"]
[Black "Luzhinsky, Vitaly"]
[Result "1-0"]
[WhiteElo "2460"]
[BlackElo "2323"]
[PlyCount "119"]
[EventDate "2002.05.13"]
[EventType "swiss"]
[EventRounds "9"]
[EventCountry "UKR"]
[SourceTitle "EXT 2003"]
[Source "ChessBase"]
[SourceDate "2002.11.25"]
[SourceVersion "1"]
[SourceVersionDate "2002.11.25"]
[SourceQuality "1"]

1. e4 c5 2. Nf3 d6 3. d4 cxd4 4. Nxd4 Nf6 5. Nc3 a6 6. Be2 e6 7. 0-0 Be7 8. a4 Nc6 9. Be3 0-0 10. f4 Qc7 11. Kh1 Re8 12. Bf3 e5 13. Nde2 exf4 14. Nxf4 Be6 15. Nxe6 fxe6 16. Ne2 Rac8 17. b3 b5 18. axb5 axb5 19. Qd2 Bf8 20. Rfc1 Qb8 21. Nd4 Ne5 22. Bg5 Qb7 23. Qe2 b4 24. Bxf6 gxf6 25. Bh5 Re7 26. Bg4 Rce8 27. Bh3 d5 28. exd5 Qxd5 29. Rd1 Qc5 30. Ra6 f5 31. g4 fxg4 32. Bxg4 Nxg4 33. Qxg4+ Rg7 34. Qe4 Qh5 35. Re1 Rg4 36. Qf3 e5 37. Re6 e4 38. R1xe4 Rxe6 39. Qxg4+ Qxg4 40. Rxg4+ Rg6 41. Re4 Bc5 42. Nf3 Kg7 43. Rc4 Bd6 44. Nd4 Kf7 45. Nc6 Rh6 46. h4 Bg3 47. Kg2 Bxh4 48. Nxb4 Be7 49. Nd3 Rb6 50. Nf4 Rb4 51. Rxb4 Bxb4 52. Kf3 Bd2 53. c4 Ke7 54. Ke4 Kd6 55. Nd3 Bg5 56. b4 h5 57. b5 h4 58. c5+ Kc7 59. Nf4 Be7 60. Nd5+ 1-0

[Event "UKR Summer Youth Games"]
[Site "Evpatoria"]
[Date "2002.05.18"]
[Round "6"]
[White "Luzhinsky, Vitaly"]
[Black "Grekh, Andrey"]
[Result "1/2-1/2"]
[WhiteElo "2323"]
[BlackElo "2236"]
[PlyCount "126"]
[EventDate "2002.05.13"]
[EventType "swiss"]
[EventRounds "9"]
[EventCountry "UKR"]
[SourceTitle "EXT 2003"]
[Source "ChessBase"]
[SourceDate "2002.11.25"]
[SourceVersion "1"]
[SourceVersionDate "2002.11.25"]
[SourceQuality "1"]

1. Nf3 c5 2. c4 Nf6 3. Nc3 e6 4. g3 b6 5. Bg2 Bb7 6. 0-0 Be7 7. Re1 0-0 8. e4 d6 9. d4 cxd4 10. Nxd4 a6 11. Be3 Qc7 12. Rc1 Nbd7 13. f4 Rfe8 14. g4 Nc5 15. Bf2 e5 16. fxe5 dxe5 17. Nf5 Bf8 18. g5 Nfd7 19. Nd5 Qd8 20. h4 a5 21. Rc3 Rc8 22. Qg4 Bxd5 23. cxd5 g6 24. Ne3 Na4 25. Rxc8 Qxc8 26. Bh3 Rd8 27. b3 Nc3 28. Qf3 Qc7 29. Bxd7 Rxd7 30. Ng4 Bg7 31. h5 Rd6 32. h6 Bh8 33. Bg3 Nb5 34. Nxe5 Qe7 35. Qxf7+ Qxf7 36. Nxf7 Bd4+ 37. Kg2 Kxf7 38. a4 Rd8 39. axb5 Rc8 40. Re2 Rc5 41. Bf2 Bxf2 42. Kxf2 Rxb5 43. Re3 Ke7 44. Kf3 Rc5 45. Rd3 Rc8 46. e5 b5 47. Ke4 a4 48. bxa4 bxa4 49. Kd4 Ra8 50. Ra3 Ra5 51. Kc4 Kd7 52. Kd4 Ke7 53. Ke4 Kd7 54. e6+ Kd6 55. e7 Kxe7 56. Ke5 Ra6 57. Kd4 Ra5 58. Ke5 Ra6 59. d6+ Rxd6 60. Rxa4 Re6+ 61. Kf4 Kf7 62. Ra8 Re8 63. Ra7+ Re7 1/2-1/2